00394nam a22001217a 450000500170000002000230001703500130004003700130005324501080006626000480017430000240022270000260024620120518160037.0 a817141429Xc525.00 aA-945517 aDPLbENG aDevelopment of women entrepreneurship in India :bProblems and prospectscedited by C. Swarajya Lakshmi aNew DelhibDiscovery Publishing Housec1998 axxi, 275p.c20 cms. aLakshmi, C. Swarajya